书目信息 |
| 题名: |
图说榛子周年栽培关键技术
|
|
| 作者: | 梁春莉 , 聂洪超 主编 | |
| 分册: | ||
| 出版信息: | 北京 化学工业出版社 2019 |
|
| 页数: | 127页 | |
| 开本: | 21cm | |
| 丛书名: | ||
| 单 册: | ||
| 中图分类: | S664.4-64 | |
| 科图分类: | ||
| 主题词: | 榛--栽培技术--图解 | |
| 电子资源: | ||
| ISBN: | 978-7-122-33792-4 | |
| 000 | 00871nam0 2200241 450 | |
| 001 | 012001003705 | |
| 005 | 20131105114029.0 | |
| 010 | @a978-7-122-33792-4@dCNY29.80 | |
| 100 | @a20190618d2019 em y0chiy50 ea | |
| 101 | 0 | @achi |
| 102 | @aCN@b110000 | |
| 105 | @aa z 000yy | |
| 106 | @ar | |
| 200 | 1 | @a图说榛子周年栽培关键技术@9tu shuo zhen zi zhou nian zai pei guan jian ji shu@f梁春莉,聂洪超主编 |
| 210 | @a北京@c化学工业出版社@d2019 | |
| 215 | @a127页@d21cm | |
| 330 | @a本书以农民熟悉的农时季节—春、夏、秋、冬为主线,介绍各时期榛树栽培管理要点,结合精美彩图,尤其在书末附录中针对农民榛树生产中常见问题及农事操作规范进行总结与论述。 | |
| 606 | 0 | @a榛@x栽培技术@j图解 |
| 690 | @aS664.4-64@v5 | |
| 701 | 0 | @a梁春莉@9liang chun li@4主编 |
| 701 | 0 | @a聂洪超@9nie hong chao@4主编 |
| 801 | 0 | @aCN@b上海新华@c20191020 |
| 905 | @b1206340-3@dS664.4-64@e588@f4 | |
| 图说榛子周年栽培关键技术/梁春莉,聂洪超主编.-北京:化学工业出版社,2019 |
| 127页;21cm |
| ISBN 978-7-122-33792-4:CNY29.80 |
| 本书以农民熟悉的农时季节—春、夏、秋、冬为主线,介绍各时期榛树栽培管理要点,结合精美彩图,尤其在书末附录中针对农民榛树生产中常见问题及农事操作规范进行总结与论述。 |
| ● |
| 相关链接 |
|
|
|
|
正题名:图说榛子周年栽培关键技术
索取号:S664.4-64/588
 
预约/预借
| 序号 | 登录号 | 条形码 | 馆藏地/架位号 | 状态 | 备注 |
| 1 | 1206340 | 212063407 | 第二样本阅览室/ [索取号:S664.4-64/588] | 在馆 | |
| 2 | 1206341 | 212063416 | 第三借阅区/ [索取号:S664.4-64/588] | 在馆 | |
| 3 | 1206342 | 212063425 | 第三借阅区/ [索取号:S664.4-64/588] | 在馆 | |
| 4 | 1206343 | 212063434 | 第三借阅区/ [索取号:S664.4-64/588] | 在馆 |